000 00531nam a2200217Ia 4500
003 OSt
005 20251003164123.0
008 210210b2011 xxu||||| |||| 00| 0 eng d
020 _a9788174821478
040 _cAL
041 _aeng
082 _a380.02 KOLU
100 _aKoli L N
_9241428
245 _aUpkars UGC NET/JRF/SET: commerce paper III
260 _aAgra
_bUpkar prakashan,
_c2011
300 _avii,951p
650 _aCommerce
_9241433
690 _aUGC/NET Exams
_9241435
906 _a065532
942 _2ddc
_cBK
999 _c143916
_d143916